Právo cestovného ruchu
Salvato in:
| Autore principale: | |
|---|---|
| Altri autori: | , , |
| Natura: | Libro |
| Lingua: | slovacco |
| Pubblicazione: |
Bratislava
C.H.Beck
2014
|
| Serie: | Beckove príručky pre právnu prax
|
| Soggetti: | |
| Tags: |
Nessun Tag, puoi essere il primo ad aggiungerne!!
|
MARC
| LEADER | 00000nam a2200000 4500 | ||
|---|---|---|---|
| 001 | 0204413 | ||
| 005 | 20240318115341.4 | ||
| 020 | |a 978-80-89603-27-5 | ||
| 041 | 0 | |a slo | |
| 044 | |a SK | ||
| 245 | 1 | 0 | |a Právo cestovného ruchu |c Monika Jurčová ... [et al.] |
| 264 | 1 | |a Bratislava |b C.H.Beck |c 2014 | |
| 300 | |a 337 s. | ||
| 490 | 1 | |a Beckove príručky pre právnu prax | |
| 830 | 0 | |a Beckove príručky pre právnu prax | |
| 610 | 2 | 0 | |a právo |
| 610 | 2 | 0 | |a ruch cestovný |
| 610 | 2 | 0 | |a predpisy právne |
| 610 | 2 | 0 | |a služby |
| 610 | 2 | 0 | |a dodávatelia |
| 610 | 2 | 0 | |a spotrebitelia |
| 610 | 2 | 0 | |a dohody medzinárodné |
| 610 | 2 | 0 | |a doprava |
| 610 | 2 | 0 | |a ochrana spotrebiteľa |
| 610 | 2 | 0 | |a právo pracovné |
| 610 | 2 | 0 | |a kódexy etické |
| 610 | 2 | 0 | |a turistika |
| 100 | 1 | |a Jurčová, Monika | |
| 700 | 1 | |a Dobrovodský, Róbert | |
| 700 | 1 | |a Nevolná, Zuzana | |
| 700 | 1 | |a Olšovská, Andrea | |